| 000 | 01088nam a22003371i 4500 | ||
|---|---|---|---|
| 001 | |||
| 003 | DO-SdBNP | ||
| 005 | 20170116145133.0 | ||
| 008 | 900725s1976 sp spa | ||
| 016 | 7 |
_a _z _2BPMSU |
|
| 017 |
_a _b |
||
| 020 | _a8485258282 | ||
| 035 | _a(OCoLC) | ||
| 040 |
_aBPMSU _bspa _cBPMSU |
||
| 041 | 1 |
_aspa _h |
|
| 080 | 0 | _a | |
| 080 | 0 | _a | |
| 100 | 1 | _aBurton, Robert | |
| 245 | 1 | 3 |
_aEl fabuloso mundo de las aves : _bvida y costumbres / _c Robert Burton y Bruce Coleman ; versión del inglés por G. Pérez Sevilla _h |
| 246 | 1 | 3 | _aEl fabuloso mundo de las aves y los peces |
| 260 |
_aBarcelona ; _bCreaciones Especializadas de Artes Gráficas, _c1976 |
||
| 300 |
_a127 p. : _bil. , _c28 cm. |
||
| 500 | _a | ||
| 650 | 7 |
_aAves _xConducta _vObras ilustradas _2embne |
|
| 650 | 7 |
_aPeces _xConducta _vObras ilustradas _2embne |
|
| 700 | 1 | _aColeman, Bruce | |
| 700 | 1 | _aPérez Sevilla, G. | |
| 710 | 2 | _aCaja de Pensiones para la Vejez y de Ahorros de Cataluña y Baleares | |
| 942 |
_2ddc _cBK |
||
| 956 |
_a VMATEO _b10 _c20170116 _dBPMSU _f0069 |
||
| 999 |
_c12477 _d12477 |
||